• 首页
  • 本馆介绍
  • 公告通知
  • 最新文献
  • 馆藏检索
  • 电子资源
  • 读者导购
  • 参考咨询
  • 我的图书馆
  • 登录
  • 详细信息显示
  • 放入我的书架
  • 预约/预借图书
  • 作者相关作品
  • 分类相关作品
  • 丛书相关作品
  • 出版社相关作品

书目信息

  • 表格格式
  • 工作单格式
  • 卡片格式
题名:
电视专题片创作
    
 
作者: 高鑫 著
分册:  
出版信息: 北京   中国广播电视出版社  1993
页数: 219页
开本: 20cm
丛书名:
单 册:
中图分类: J95
科图分类:
主题词: 影片--按内容分的 , 电影影版--按内容分的 , 电视影片--按内容分的
电子资源:
ISBN: 7-5043-2396-9
000 00587nam0 2200205 450
001 0735592734
005 20070906095312.73
010    @a7-5043-2396-9@d¥10.00
100    @a20070906d km y0chiy0120 ea
101 0  @achi
200 1  @a电视专题片创作@Adian shi zhuan ti pian chuang zuo@f高鑫著@Fgao xin zhu
210    @a北京@c中国广播电视出版社@d1993
215    @a219页@d20cm
606 0  @a影片@x按内容分的
606 0  @a电影影版@x按内容分的
606 0  @a电视影片@x按内容分的
690    @aJ95@v3
701  0 @a高鑫@Agao xin@4著
801  0 @aCN@bPFT@c20070906
905    @a213230@dJ95@eP37@f1
    
    电视专题片创作/高鑫著.-北京:中国广播电视出版社,1993
    219页;20cm
    
    
    ISBN 7-5043-2396-9:¥10.00
    
●
相关链接 在E读中查询图书 在五车中查询图书 在当当中查询图书 在豆瓣中查询图书


正题名:电视专题片创作     索取号:J95/P37         预约/预借

序号 登录号 条形码 馆藏地/架位号 状态 备注
1 7200384   272003841   物理系资料室/ [索取号:J95/P37] 在馆    
唐山师范学院图书馆 欢迎您!
大连网信软件有限公司© 版权所有